[Event "LSS No Engine Cup 98 Preliminary 3"]
[Site "LSS email"]
[Date "2013.11.20"]
[Round "?"]
[White "Barys, Ryszard"]
[Black "Jostov, Keylah"]
[Result "1-0"]
[WhiteElo "1301"]
[BlackElo "1096"]
[PlyCount "89"]
[EventDate "2013.11.21"]
[EventType "tourn (corr)"]
[EventRounds "6"]
[EventCountry "GER"]
[SourceTitle "Telechess CBM 167"]
[Source "ChessBase"]
[SourceDate "2015.07.13"]
[SourceVersion "1"]
[SourceVersionDate "2015.07.13"]
[SourceQuality "1"]

1. e4 c5 2. c3 d5 3. exd5 Qxd5 4. d4 Nf6 5. Nf3 Nc6 6. Be3 e6 7. Na3 a6 8. Nc4 cxd4 9. Nxd4 Bc5 10. Nc2 Qxd1+ 11. Rxd1 Bxe3 12. N2xe3 b5 13. Nb6 Rb8 14. Nxc8 Rxc8 15. a4 Rb8 16. Rd6 Rb6 17. axb5 axb5 18. Rxc6 Rxc6 19. Bxb5 Kd7 20. Kd2 Kc7 21. Bxc6 Kxc6 22. Ra1 Rd8+ 23. Kc2 Ne4 24. Nc4 Nxf2 25. Rf1 Ng4 26. Rxf7 Rd7 27. Rf4 h5 28. h3 Nf6 29. Ne5+ Kc7 30. Nxd7 Kxd7 31. Ra4 Kd6 32. b4 e5 33. c4 e4 34. Kd2 Kc6 35. Ra6+ Kb7 36. Rxf6 gxf6 37. g4 hxg4 38. hxg4 Kc6 39. Ke3 Kb6 40. Kxe4 Kc6 41. Kf5 Kd6 42. Kxf6 Kd7 43. g5 Kc7 44. Ke7 Kc6 45. g6 1-0

[Event "LSS No Engine Cup 76 Preliminary 6"]
[Site "LSS email"]
[Date "2012.11.08"]
[Round "?"]
[White "Barys, Ryszard"]
[Black "Neumann, Frank"]
[Result "1-0"]
[WhiteElo "1169"]
[BlackElo "539"]
[PlyCount "31"]
[EventDate "2012.11.09"]
[EventType "tourn (corr)"]
[EventRounds "6"]
[EventCountry "GER"]
[SourceTitle "Corr 2015"]
[Source "ChessBase"]
[SourceDate "2015.07.17"]
[SourceVersion "1"]
[SourceVersionDate "2015.07.17"]
[SourceQuality "1"]

1. e4 e5 2. Nc3 Nf6 3. Bc4 Be7 4. d3 0-0 5. f4 exf4 6. Bxf4 Nc6 7. Nf3 a6 8. a3 b5 9. Ba2 Bb7 10. e5 Ne8 11. 0-0 d6 12. e6 fxe6 13. Bxe6+ Kh8 14. Ng5 Bxg5 15. Bxg5 Qxg5 16. Rxf8# 1-0

[Event "LSS No Engine Cup 76 Preliminary 6"]
[Site "LSS email"]
[Date "2012.11.08"]
[Round "?"]
[White "Molina, Vicente Andres"]
[Black "Barys, Ryszard"]
[Result "0-1"]
[WhiteElo "817"]
[BlackElo "1169"]
[PlyCount "46"]
[EventDate "2012.11.09"]
[EventType "tourn (corr)"]
[EventRounds "6"]
[EventCountry "GER"]
[SourceTitle "Telechess CBM 159"]
[Source "ChessBase"]
[SourceDate "2014.03.17"]
[SourceVersion "1"]
[SourceVersionDate "2014.03.17"]
[SourceQuality "1"]

1. c4 e5 2. Nc3 Bb4 3. Nd5 a5 4. Nxb4 axb4 5. g3 d5 6. cxd5 Qxd5 7. Nf3 e4 8. Nh4 Nf6 9. Bg2 g5 10. d3 gxh4 11. Bxe4 Nxe4 12. dxe4 Qxe4 13. f3 Qe5 14. 0-0 hxg3 15. f4 gxh2+ 16. Kxh2 Qh5+ 17. Kg3 Rg8+ 18. Kf2 Qh2+ 19. Ke3 Rg3+ 20. Kd2 Nc6 21. Qc2 Bg4 22. Ke1 0-0-0 23. Bd2 Qxe2# 0-1

[Event "SN-2012-0-00455"]
[Site "LSS email"]
[Date "2012.08.15"]
[Round "?"]
[White "Popov, Misha"]
[Black "Barys, Ryszard"]
[Result "0-1"]
[WhiteElo "951"]
[BlackElo "1101"]
[PlyCount "82"]
[EventDate "2012.07.29"]
[EventType "tourn (corr)"]
[EventRounds "6"]
[EventCountry "GER"]
[SourceTitle "Telechess CBM 165"]
[Source "ChessBase"]
[SourceDate "2015.03.11"]
[SourceVersion "1"]
[SourceVersionDate "2015.03.11"]
[SourceQuality "1"]

1. Nf3 e6 2. e4 d5 3. exd5 exd5 4. d4 Bd6 5. Bd3 Nf6 6. 0-0 0-0 7. c4 dxc4 8. Bxc4 Nbd7 9. Nc3 Nb6 10. Bb3 Bg4 11. h3 Bf5 12. Bg5 h6 13. Be3 Re8 14. Qd2 Ne4 15. Nxe4 Bxe4 16. a4 Bxf3 17. gxf3 Qf6 18. f4 Qf5 19. Kg2 Nd5 20. Bc2 Re4 21. f3 Bxf4 22. Bxf4 Qxf4 23. Qxf4 Rxf4 24. Rfe1 Rxd4 25. Rad1 Rxd1 26. Bxd1 Rd8 27. Bb3 Nf4+ 28. Kg3 Nh5+ 29. Kf2 Kf8 30. Rd1 Rxd1 31. Bxd1 g5 32. b4 Ke7 33. Bb3 f5 34. Bd5 c6 35. Bc4 Kd6 36. Bf7 Nf4 37. Kg3 Ne2+ 38. Kf2 Nc3 39. a5 f4 40. Bc4 Ke5 41. a6 b6 0-1